Phân tích các yếu tố ảnh hưởng đến thu nhập của nông hộ nghèo trên địa bàn tỉnh Cà Mau : Luận văn thạc sĩ. Ngành kinh tế nông nghiệp

Nội dung nghiên cứu: đề tài được thực hiện dựa trên lược khảo các tài liệu nghiên cứu có liên quan và dữ liệu phân tích từ số liệu thu thập bằng hình thức phỏng vấn 160 nông hộ nghèo trên địa bàn huyện U minh và huyện Cái Nước tỉ...

Πλήρης περιγραφή

Αποθηκεύτηκε σε:
Λεπτομέρειες βιβλιογραφικής εγγραφής
Κύριος συγγραφέας: Nguyễn, Thế Châu
Μορφή: Βιβλίο
Γλώσσα:Undetermined
Έκδοση: Cần Thơ Trường Đại học Cần Thơ 2015
Θέματα:
Ετικέτες: Προσθήκη ετικέτας
Δεν υπάρχουν, Καταχωρήστε ετικέτα πρώτοι!
Thư viện lưu trữ: Trung tâm Học liệu Trường Đại học Cần Thơ
LEADER 01357nam a2200229Ia 4500
001 CTU_198493
008 210402s9999 xx 000 0 und d
082 |a 338.1 
082 |b Ch125 
088 |a 60620115 
100 |a Nguyễn, Thế Châu 
245 0 |a Phân tích các yếu tố ảnh hưởng đến thu nhập của nông hộ nghèo trên địa bàn tỉnh Cà Mau : 
245 0 |b Luận văn thạc sĩ. Ngành kinh tế nông nghiệp 
245 0 |c Nguyễn Thế Châu ; Vương Quốc Duy (Người hướng dẫn) 
260 |a Cần Thơ 
260 |b Trường Đại học Cần Thơ 
260 |c 2015 
520 |a Nội dung nghiên cứu: đề tài được thực hiện dựa trên lược khảo các tài liệu nghiên cứu có liên quan và dữ liệu phân tích từ số liệu thu thập bằng hình thức phỏng vấn 160 nông hộ nghèo trên địa bàn huyện U minh và huyện Cái Nước tỉnh Cà Mau. 
650 |a Ngành nông nghiệp,Agriculture,Agricultural industries,Nông nghiệp 
650 |x Economic aspects,Khía cạnh kinh tế 
904 |i Phan Thông Thuỵ Quân (Tuyền) 
980 |a Trung tâm Học liệu Trường Đại học Cần Thơ